Potato Producing Countries Quiz Stats

Quiz Updated Apr 2, 2018

Challenge
Share
Tweet
Embed
Score 0/20 Timer 04:00
6 Plays Today
Rank Country % Correct
5United States of America
98.9%
1China
95.2%
3Russia
92.6%
6Germany
89.3%
2India
86.8%
14Canada
86.5%
10France
85%
12United Kingdom
83.7%
19Brazil
82.5%
7Poland
76.6%
Rank Country % Correct
4Ukraine
67.1%
13Turkey
62.3%
16Peru
52.8%
11Netherlands
52.1%
15Iran
52%
9Belarus
49.1%
20Belgium
43.7%
18Egypt
40.1%
8Bangladesh
26.6%
17Malawi
8.5%

You're not logged in!

Compare scores with friends on all Sporcle quizzes.
Join for Free
OR
Log In

You Might Also Like...

Show Comments

Extras

Top Quizzes Today


Score Distribution

Your Account Isn't Verified!

In order to create a playlist on Sporcle, you need to verify the email address you used during registration. Go to your Sporcle Settings to finish the process.

Report this User

Report this user for behavior that violates our Community Guidelines.

Details: